The mystery of the tenth / Chantel Acevedo.
Available copies
- 3 of 3 copies available at LARL/NWRL Consortium.
- 2 of 2 copies available at Lake Agassiz Regional Library. (Show preferred library)
Current holds
0 current holds with 3 total copies.
Show Only Available Copies
| Location | Call Number / Copy Notes | Barcode | Shelving Location | Status | Due Date |
|---|---|---|---|---|---|
| Detroit Lakes Public Library | J ACE (Text) | 33500013469010 | Main | Available | - |
| Moorhead Public Library | J ACE (Text) | 33500013469028 | Main | Available | - |
| Greenbush Public Library | j ACE (Text) | 35500006496218 | Main | Available | - |
Record details
- ISBN: 9780062947727
- ISBN: 0062947729
- Physical Description: 340 pages ; 22 cm
- Edition: First edition.
- Publisher: New York, NY : Balzer + Bray, an imprint of HarperCollinsPublishers, [2021]
Content descriptions
| Summary, etc.: | While in New York City visiting her family, Callie ... Read More |
Search for related items by subject
Search for related items by series
| LDR | 01816cam a2200469 i 4500 | ||
|---|---|---|---|
| 001 | 373746 | ||
| 003 | LARL_NWRL_CONSORTIUM | ||
| 005 | 20210820164823.0 | ||
| 008 | 210630s2021 nyu c 000 1 eng d | ||
| 019 | . | ‡a1199126172 | |
| 020 | . | ‡a9780062947727 ‡q(hardcover) | |
| 020 | . | ‡a0062947729 ‡q(hardcover) | |
| 035 | . | ‡a(OCoLC)1258118016 ‡z(OCoLC)1199126172 | |
| 040 | . | ‡aNjBwBT ‡beng ‡erda ‡cFMG ‡dFMG ‡dOCLCQ ‡dJAS ‡dOCLCO ‡dYDX ‡dBDX ‡dOQX | |
| 082 | 0 | 4. | ‡a[Fic] ‡223 |
| 100 | 1 | . | ‡aAcevedo, Chantel, ‡eauthor. |
| 245 | 1 | 4. | ‡aThe mystery of the tenth / ‡cChantel Acevedo. |
| 250 | . | ‡aFirst edition. | |
| 264 | 1. | ‡aNew York, NY : ‡bBalzer + Bray, an imprint of HarperCollinsPublishers, ‡c[2021] | |
| 300 | . | ‡a340 pages ; ‡c22 cm | |
| 336 | . | ‡atext ‡btxt ‡2rdacontent | |
| 337 | . | ‡aunmediated ‡bn ‡2rdamedia | |
| 338 | . | ‡avolume ‡bnc ‡2rdacarrier | |
| 490 | 0 | . | ‡aMuse Squad ; ‡v2 |
| 520 | . | ‡aWhile in New York City visiting her family, Callie Martinez-Silva, one of the nine muses of ancient myth, must find an unprecedented tenth muse who has been awakened, which proves to be no easy task. | |
| 650 | 0. | ‡aMuses (Greek deities) ‡vJuvenile fiction. | |
| 650 | 0. | ‡aGoddesses, Greek ‡vJuvenile fiction. | |
| 650 | 0. | ‡aMagic ‡vJuvenile fiction. ‡0(LARL_NWRL_CONSORTIUM)165990 | |
| 650 | 0. | ‡aMythology, Greek ‡vJuvenile fiction. ‡0(LARL_NWRL_CONSORTIUM)173588 | |
| 650 | 0. | ‡aCuban Americans ‡vJuvenile fiction. | |
| 650 | 1. | ‡aMuses (Greek deities) ‡vFiction. | |
| 650 | 1. | ‡aGoddesses, Greek ‡vFiction. | |
| 650 | 1. | ‡aMagic ‡vFiction. ‡0(LARL_NWRL_CONSORTIUM)165984 | |
| 650 | 1. | ‡aMythology, Greek ‡vFiction. ‡0(LARL_NWRL_CONSORTIUM)168600 | |
| 650 | 1. | ‡aCuban Americans ‡vFiction. ‡0(LARL_NWRL_CONSORTIUM)164095 | |
| 901 | . | ‡a373746 ‡b ‡c373746 ‡tbiblio | |

Add to basket
Permalink
Disable Highlighting